| 000 | 00484nam a22001817a 4500 | ||
|---|---|---|---|
| 005 | 20251108165805.0 | ||
| 008 | 250721s1995 xx 000 0 ara d | ||
| 082 | 1 | 4 | _aم/347.91/معو |
| 100 | 1 | _aعبد التواب، معوض | |
| 245 | 1 | 0 | _aالمرجع في صيغ الدعاوى و الأوراق الفضائية / |
| 250 | _aط2 | ||
| 264 | _c1995. | ||
| 300 | _a3ج | ||
| 650 | 1 | 7 | _aالقضاء |
| 650 | 1 | 7 | _aالمحاكمات |
| 942 |
_2ddc _cREF |
||
| 999 |
_c31358 _d31358 |
||